000 00743nam a2200205Ii 4500
003 JO-AjNU
008 230605s9999||||xx |||||||||||||| ||und||
017 _a1975/3055
040 _aJO-AjNU
_bara
_erda
_cJO-AjNU
041 _aara
050 1 4 _aBP131.3.H3482 1975
100 3 _aالترمذى، أبي عبدالله محمد بن علي الحكيم؛ تحقيق علي محمد البجاوي,
_eauthor
_910496
245 0 0 _aالأمثال من الكتاب والسنة
264 3 1 _aالقاهرة: دار التراث، 1975
300 _a387ص
336 _atext
_btxt
_2rdacontent
337 _aunmediated
_bn
_2rdamedia
338 _avolume
_bnc
_2rdacarrier
650 4 _aالحديث - امثال - القران - امثال
_910497
999 _aA1835
_c5403
_d5403